| 000 | 00661nam a2200229 a 4500 | ||
|---|---|---|---|
| 008 | |||
| 020 | _a9780727741349 (pbk.) | ||
| 049 | _aMAIN | ||
| 090 |
_aHD47.4 _bSNE |
||
| 245 | 0 | 0 |
_aCost-benefit analysis : _ba practical guide / _cMichael Snell. |
| 250 | _a2nd ed. | ||
| 260 |
_aLondon : _bICE Publishing, _c2011. |
||
| 300 |
_axiv, 295 p. : _bill. ; _c24 cm. |
||
| 504 | _aIncludes bibliographical references. | ||
| 500 | _aIncludes index. | ||
| 650 | 0 | _aCost effectiveness. | |
| 907 |
_a.b10352727 _b03-12-14 _c03-12-14 |
||
| 003 | |||
| 005 | 20230123122130.0 | ||
| 040 | _cNUST | ||
| 942 |
_cBOOKS _kHD47.4 _mSNE |
||
| 999 |
_c128327 _d128327 |
||